banner-ar

طيرى يا طيارة / (Record no. 60434)

MARC details
000 -الفاتح
حقل البيانات ثابتة الطول 00962nam a22002537a 4500
005 - وقت وتاريخ اخر تعامل مع التسجيلة
رقم الضبط 20240530110410.0
008 - عناصر البيانات ثابتة الطول - معلومات عامة
حقل البيانات ثابتة الطول 150212s2012 ua c a 000 j ara d
017 ## - رقم الايداع القانونى
رقم الايداع القانونى 2011/14199
المصدر ( الهيئة المختصة) مصر . دار الكتب المصرية
020 ## - الرقم الدولى المعيارى للكتب
الرقم الدولى المعيارى للكتاب 9771444093
040 ## - مصدر الفهرسة
وكالة الفهرسة الأصلية EG-CaGPL
041 0# - رمز اللغة
رمز لغة النص/ المسارات الصوتية أو العنوان الانفرادي ara
082 04 - رقم تصنيف ديوى العشرى
رقم الطبعة 21
رقم التصنيف 813.02
رقم المادة ط/أ ط
100 0# - المدخل الرئيسى - إسم شخصى
الإسم الشخصى امانى العشماوى
245 10 - بيان العنوان
العنوان طيرى يا طيارة /
بيان المسئوليه,etc قصة امانى العشماوى ؛ رسوم هنادى سليط ؛ اشراف عام داليا محمد ابراهيم
250 ## - بيان الطبعة
بيان الطبعة ط1
260 ## - PUBLICATION, DISTRIBUTION, ETC. (IMPRINT)
تاريخ النشر أو التوزيع 2012
300 ## - الوصف المادى
التعداد 31 ص :
تفاصيل ماديه اخرى للوعاء صور ؛
أبعاد الوعاء 32 سم
650 04 - المدخل الاضافى بالموضوع-مصطلح موضوعى
مصطلح موضوعي كتب الاطفال
650 04 - المدخل الاضافى بالموضوع-مصطلح موضوعى
مصطلح موضوعي القصص القصيرة
700 0# - المدخل الاضافى - اسم شخصى
الإسم الشخصى هنادى سليط
الدور رسام
700 0# - المدخل الاضافى - اسم شخصى
الإسم الشخصى داليا محمد ابراهيم
الدور مشرف
942 ## - عناصر المدخل الإضافي( كوها)
مصدر التصنيف او مخطط الترفيف Dewey Decimal Classification
Koha [default] item type كتاب
260 ## - PUBLICATION, DISTRIBUTION, ETC. (IMPRINT)
-- القاهرة :
-- نهضة مصر للطباعة و النشر و التوزيع ،
Holdings
حالة التراجع حالة الفقد حالة تلف ليس للاعارة المكان المؤقت الموقع الحالى تاريخ الاكتساب اجمالي اﻻعارات رقم الطلب الباركود تاريخ اخر مشاهدة تاريخ تفعيل السعر نوع وعاء كوها
        مكتبة القاهرة الكبرى مكتبة القاهرة الكبرى 02/12/2015   813.02 ط/أ ط 159477 02/12/2015 02/12/2015 كتاب

Powered By

EGPV